Talking of management. (Record no. 77569)

MARC details
000 -LEADER
fixed length control field 00764cam a22002411 4500
001 - CONTROL NUMBER
control field sa 68000946
003 - CONTROL NUMBER IDENTIFIER
control field DLC
005 - DATE AND TIME OF LATEST TRANSACTION
control field 20260227112428.0
008 - FIXED-LENGTH DATA ELEMENTS--GENERAL INFORMATION
fixed length control field 710903s1967 ii 000 0 eng
010 ## - LIBRARY OF CONGRESS CONTROL NUMBER
LC control number sa 68000946
025 ## - OVERSEAS ACQUISITION NUMBER
Overseas acquisition number PL480:I-E-9187
040 ## - CATALOGING SOURCE
Original cataloging agency DLC
Transcribing agency DLC
Modifying agency DLC
043 ## - GEOGRAPHIC AREA CODE
Geographic area code a-ii---
050 00 - LIBRARY OF CONGRESS CALL NUMBER
Classification number HD70.I4
Item number T3
082 00 - DEWEY DECIMAL CLASSIFICATION NUMBER
Classification number 658.4
245 00 - TITLE STATEMENT
Title Talking of management.
260 ## - PUBLICATION, DISTRIBUTION, ETC.
Place of publication, distribution, etc. Bombay,
-- New York,
Name of publisher, distributor, etc. Asia Pub. House
Date of publication, distribution, etc. [1967]
300 ## - PHYSICAL DESCRIPTION
Extent 133 p.
Dimensions 22 cm.
350 ## - PRICE (NR) (BK AM CF MU VM SE) [OBSOLETE]
Price Rs12
500 ## - GENERAL NOTE
General note "Selection of thirteen talks given by visitors to the [Administration staff] College [of India, Hyderabad] at its different sessions."
650 #0 - SUBJECT ADDED ENTRY--TOPICAL TERM
Topical term or geographic name entry element Industrial management
Geographic subdivision India.
710 1# - ADDED ENTRY--CORPORATE NAME
Corporate name or jurisdiction name as entry element Hyderabad, India.
Subordinate unit Administrative Staff College of India.

No items available.

Powered by Koha